Ranneje stichotvorenije F. I. Tjutčeva: problema interteksta

Bibliographic Details
Main Author: Galjan, Sof'ja Vital'jevna (Author)
Format: Article
Language:Russian
PhysicalDescription:Tab.
ISBN:9788055507675
Subjects:

MARC

LEADER 00000nab a2200000 a 4500
001 vtls010560404
003 SK-MaSNL
005 20260318121511.0
008 131125c2013 xo wr p 000 c0rus
015 |a SNBRA2013/11 
038 |a SVKPOCL 
040 |a SVKPOCL  |b slo  |c SVKPOCL  |e AACR2 
041 0 |a rus 
044 |a xo  |c SK 
080 |a 81'1  |2 2001 
080 |a 80(=16)+908(4)  |2 2001 
080 |a 80(=161.1)+908(470+571)  |2 2001 
080 |a 81'42  |2 2001 
080 |a 811.161.1  |2 2001 
080 |a 81`27  |2 2001 
080 |a (048.8)  |2 2001 
080 |a 82.05/.07  |2 2001 
100 1 |a Galjan, Sof'ja Vital'jevna  |4 aut  |9 1578857 
245 1 0 |a Ranneje stichotvorenije F. I. Tjutčeva: problema interteksta  |c Sof'ja Vital'jevna Galjan 
300 |b Tab. 
500 |a V rubrike Diskurs v naučno-praktičeskom osveščeniji. 1. Diskurs slovesnosti 
504 |a Bibliogr. odkazy 
600 1 7 |a Tjutčev, Fedor Ivanovič,  |d 1803-1873  |t Na novyj 1816 god  |2 svkpocl  |9 1578858 
648 7 |a 18. stor.  |2 svkpocl  |9 283423 
650 0 7 |a lingvistika  |2 svkpocl  |9 860 
650 0 7 |a ruština  |2 svkpocl  |9 1346 
650 0 7 |a slavistika  |2 svkpocl  |9 4282 
650 0 7 |a jazykový prejav  |2 svkpocl  |9 74271 
650 0 7 |a jazyková komunikácia  |2 svkpocl  |9 990 
650 0 7 |a diskurz  |2 svkpocl  |9 473540 
650 0 7 |a rusistika  |2 svkpocl  |9 19634 
650 0 7 |a ruská poézia  |2 svkpocl  |9 66518 
650 0 7 |a intertextualita  |2 svkpocl  |9 71406 
655 7 |a štúdie  |2 svkpocl  |9 57033 
773 0 |t Aktuálne otázky teórie diskurzu = Aktual'nye voprosy teoriji dyskursa  |d Prešov : Filozofická fakulta Prešovskej univerzity v Prešove, 2013  |g S. 138-147  |z 9788055507675 
852 |a SVKPO  |b KIS3GCP 
958 |a LX 
958 |a RU 
958 |a SK 
958 |a SS 
958 |a NB 
958 |a BC 
999 |c 3226511  |d 3228441